|
|
|
|
| LEADER |
00000nas a22000001a 4500 |
| 001 |
vtls010301111 |
| 003 |
SK-MaSNL |
| 005 |
20260228163200.0 |
| 008 |
110810d19461946xo wr p r 0 b0slo |
| 015 |
|
|
|a SNBDS17XX9999
|
| 015 |
|
|
|a 0150
|2 Balúnová 1945-60
|
| 038 |
|
|
|a SNKBUDS
|
| 040 |
|
|
|a SNK
|b slo
|c SNK
|e AACR2
|
| 041 |
0 |
|
|a slo
|
| 044 |
|
|
|a xo
|c SK
|
| 080 |
|
|
|a 316.344.8(=411.16)
|2 2001
|
| 245 |
0 |
0 |
|a Čas bohoslužieb
|
| 260 |
|
|
|a Košice
|b Agudat Jisrael, Košice
|c 1946
|
| 300 |
|
|
|a 1 roč.
|c 15 x 21 cm
|
| 310 |
|
|
|a 1x týždenne
|
| 362 |
0 |
|
|a Č. 1 (1946)-č. 11 (1946)
|
| 500 |
|
|
|a Vych. v Košiciach týždenne
|
| 500 |
|
|
|a Red. sa neuvádza
|
| 500 |
|
|
|a Vyd. Agudat Jisrael, Košice
|
| 500 |
|
|
|a Tlač. B. Gábor p. n. s., Prešov ukážkové č. 01 (5. jan. 1946), od č. 1 (12. jan. 1946) WIKO, p. n. s. Košice
|
| 500 |
|
|
|a Vych. od 5. jan. 1946 do 16. marca 1946
|
| 505 |
8 |
0 |
|g Roč. 1946 10 č. + 1 po 2-4 s.
|
| 580 |
|
|
|a Pokračoval pod názvom Agudat Jisrael
|
| 650 |
0 |
7 |
|a Židia
|2 SNKPH
|9 3760
|
| 655 |
|
7 |
|a židovské náboženské časopisy
|2 SNKBUDS
|9 273297
|
| 710 |
2 |
|
|a Agudat Jisrael (Košice, Slovensko)
|e vydav.
|9 272456
|
| 710 |
0 |
|
|a Gábor, B., p.n.s. (Prešov, Slovensko)
|e tlač.
|9 273298
|
| 710 |
2 |
|
|a WIKO (Košice, Slovensko)
|e tlač.
|9 269925
|
| 785 |
0 |
0 |
|t Agudat Jisrael
|
| 852 |
|
|
|a SNK
|b 10000
|h ČSA 602
|
| 999 |
|
|
|c 8991
|d 10921
|